[Event "Rheinhausen-ch"]
[Site "Rheinhausen"]
[Date "2011.02.04"]
[Round "3"]
[White "Klees, Robert"]
[Black "Glende, Siegfried"]
[Result "0-1"]
[WhiteElo "1346"]
[BlackElo "1595"]
[PlyCount "72"]
[EventDate "2011.01.07"]
[EventType "swiss"]
[EventRounds "7"]
[EventCountry "GER"]
[SourceTitle "EXT 2015"]
[Source "ChessBase"]
[SourceDate "2014.11.20"]
[SourceVersion "1"]
[SourceVersionDate "2014.11.20"]
[SourceQuality "1"]

1. b4 e6 2. b5 d5 3. Bb2 c5 4. e3 Nd7 5. Nf3 Ngf6 6. c4 Nb6 7. cxd5 Nbxd5 8. Bc4 b6 9. 0-0 Bb7 10. a4 Bd6 11. Re1 Nb4 12. e4 Be7 13. Nc3 Nd3 14. Bxd3 Qxd3 15. Ne5 Qd8 16. Nc4 0-0 17. e5 Nd5 18. Ne4 Nb4 19. d4 cxd4 20. Ned6 Bxd6 21. Nxd6 Bd5 22. Qd2 a5 23. bxa6 Nxa6 24. Qxd4 Nc5 25. Nc4 Nb3 26. Qxb6 Nxa1 27. Qb5 Rb8 28. Qc5 Nb3 29. Qa3 Bxc4 30. Bc3 Qd3 31. Bb4 Rfc8 32. a5 Ra8 33. g3 Bd5 34. Re3 Qd1+ 35. Be1 Rc1 36. Kf1 Nd2+ 0-1

[Event "Rheinhausen-ch 14th"]
[Site "Duisburg Rheinhausen"]
[Date "2010.03.12"]
[Round "6"]
[White "Moseler, Norbert"]
[Black "Glende, Siegfried"]
[Result "0-1"]
[WhiteElo "1329"]
[BlackElo "1600"]
[PlyCount "50"]
[EventDate "2010.01.08"]
[EventType "swiss"]
[EventRounds "7"]
[EventCountry "GER"]
[SourceTitle "EXT 2018"]
[Source "ChessBase"]
[SourceDate "2017.10.13"]
[SourceVersion "1"]
[SourceVersionDate "2017.10.13"]
[SourceQuality "1"]

1. d4 Nf6 2. c4 g6 3. Nc3 Bg7 4. e4 d6 5. f4 0-0 6. Nf3 e6 7. Be2 b6 8. Be3 Bb7 9. Qc2 a5 10. h3 Na6 11. a3 Nh5 12. 0-0-0 Ng3 13. Rhe1 Nxe2+ 14. Rxe2 c6 15. g4 b5 16. cxb5 cxb5 17. Kb1 b4 18. Qb3 Rb8 19. Nb5 Bxe4+ 20. Ka1 Bxf3 21. Red2 Bxd1 22. Rxd1 Rxb5 23. a4 Rd5 24. Qd3 Qd7 25. b3 Nb8 0-1

[Event "Rheinhausen-ch 13th"]
[Site "Duisburg Rheinhausen"]
[Date "2009.02.27"]
[Round "5"]
[White "Rivinius, Otto"]
[Black "Glende, Siegfried"]
[Result "1-0"]
[WhiteElo "1863"]
[BlackElo "1641"]
[PlyCount "53"]
[EventDate "2009.01.09"]
[EventType "swiss"]
[EventRounds "7"]
[EventCountry "GER"]
[SourceTitle "EXT 2018"]
[Source "ChessBase"]
[SourceDate "2017.10.13"]
[SourceVersion "1"]
[SourceVersionDate "2017.10.13"]
[SourceQuality "1"]

1. c4 g6 2. Nc3 Nf6 3. d4 Bg7 4. e4 d6 5. Nf3 0-0 6. Be2 Nbd7 7. 0-0 Re8 8. Qc2 e5 9. Rd1 b6 10. dxe5 Nxe5 11. Nxe5 Rxe5 12. Bf4 Re7 13. e5 Bf5 14. Bd3 Bxd3 15. Rxd3 Nh5 16. Bg5 f6 17. exd6 cxd6 18. Be3 Bf8 19. Rad1 Rd7 20. Nd5 Ng7 21. Bd4 Ne8 22. Qb3 Rf7 23. Re3 Qd7 24. Rde1 Bg7 25. c5 bxc5 26. Re7 Rxe7 27. Nxe7+ 1-0

[Event "Rheinhausen-ch 13th"]
[Site "Duisburg Rheinhausen"]
[Date "2009.02.13"]
[Round "4"]
[White "Glende, Siegfried"]
[Black "Reisloh, Carsten"]
[Result "1/2-1/2"]
[WhiteElo "1641"]
[BlackElo "1686"]
[PlyCount "89"]
[EventDate "2009.01.09"]
[EventType "swiss"]
[EventRounds "7"]
[EventCountry "GER"]
[SourceTitle "EXT 2018"]
[Source "ChessBase"]
[SourceDate "2017.10.13"]
[SourceVersion "1"]
[SourceVersionDate "2017.10.13"]
[SourceQuality "1"]

1. c4 e5 2. Nc3 Nf6 3. e4 Nc6 4. g3 Be7 5. Bg2 0-0 6. Nf3 Bc5 7. Na4 Bd4 8. Nxd4 Nxd4 9. Nc3 d6 10. 0-0 Be6 11. d3 h6 12. h3 c5 13. Kh2 Rb8 14. a4 a6 15. f4 Qe7 16. f5 Bd7 17. g4 Nh7 18. Be3 b5 19. Nd5 Qd8 20. axb5 axb5 21. b3 Nf6 22. Nxf6+ Qxf6 23. g5 hxg5 24. Qg4 Qh6 25. Bxg5 Qh7 26. Be7 Nc2 27. Qe2 Nxa1 28. Bxf8 Kxf8 29. Rxa1 bxc4 30. bxc4 Qh6 31. Rf1 Rb3 32. Rf3 Rb1 33. Bf1 Qc1 34. Rf2 Ba4 35. Qh5 Qh6 36. Qe2 Qc1 37. f6 gxf6 38. Qg4 Rb2 39. Be2 Ke7 40. h4 Qe3 41. Kg2 Bd1 42. Qf5 Rxe2 43. Qxf6+ Kd7 44. Qxf7+ Kd8 45. Qf8+ 1/2-1/2

[Event "Rheinhausen-ch 12th"]
[Site "Duisburg Rheinhausen"]
[Date "2008.01.25"]
[Round "3"]
[White "Glende, Siegfried"]
[Black "Palmowski, Sascha"]
[Result "1-0"]
[WhiteElo "1660"]
[BlackElo "1204"]
[PlyCount "65"]
[EventDate "2008.01.11"]
[EventType "swiss"]
[EventRounds "7"]
[EventCountry "GER"]
[SourceTitle "EXT 2018"]
[Source "ChessBase"]
[SourceDate "2017.10.13"]
[SourceVersion "1"]
[SourceVersionDate "2017.10.13"]
[SourceQuality "1"]

1. c4 e5 2. Nc3 Nc6 3. d3 Bc5 4. e3 d6 5. a3 a5 6. g3 Nge7 7. Bg2 0-0 8. Nge2 Be6 9. h3 d5 10. cxd5 Nxd5 11. 0-0 Qd6 12. Kh2 f5 13. Qc2 Bb6 14. b3 Nce7 15. Bb2 Ng6 16. Rad1 f4 17. Bxd5 Bxd5 18. Nxd5 Qxd5 19. e4 Qd6 20. gxf4 exf4 21. f3 Nh4 22. d4 Qg6 23. Rf2 Qh5 24. Qc3 Rf6 25. Rg1 Rg6 26. Nxf4 Bxd4 27. Qc4+ Kh8 28. Nxh5 Rxg1 29. Qxd4 Rg2+ 30. Kh1 Rg6 31. Nxg7 Rg8 32. Nf5+ R6g7 33. Nxg7 1-0

[Event "Rheinhausen-ch 10th"]
[Site "Duisburg Rheinhausen"]
[Date "2006.01.06"]
[Round "1.16"]
[White "Hoffmann, Fabian"]
[Black "Glende, Siegfried"]
[Result "1-0"]
[WhiteElo "1278"]
[BlackElo "1712"]
[PlyCount "83"]
[EventDate "2006.01.06"]
[EventType "swiss"]
[EventRounds "7"]
[EventCountry "GER"]
[SourceTitle "EXT 2007"]
[Source "ChessBase"]
[SourceDate "2006.11.23"]
[SourceVersion "1"]
[SourceVersionDate "2006.11.23"]
[SourceQuality "1"]

1. e4 e6 2. d4 d5 3. exd5 Qxd5 4. Nc3 Qd8 5. Nf3 Nf6 6. Bd3 Nc6 7. 0-0 Bd7 8. Bg5 Be7 9. Re1 0-0 10. Ne4 Nxe4 11. Bxe7 Qxe7 12. Bxe4 f5 13. Bxc6 bxc6 14. c3 g5 15. Re2 g4 16. Ne5 Rf6 17. f3 h5 18. Qd2 Qg7 19. Rae1 Kh7 20. Qf4 Be8 21. Nd3 Qd7 22. Nc5 Qd6 23. Qxd6 cxd6 24. Nxe6 gxf3 25. Ng5+ Kg6 26. Nxf3 Bf7 27. b3 a5 28. Re7 a4 29. c4 axb3 30. axb3 Rb8 31. Nd2 d5 32. Ra1 dxc4 33. bxc4 Rd8 34. Nf3 Rb8 35. Raa7 Rf8 36. Ne5+ Kg7 37. Kf2 Kg8 38. Kf3 f4 39. Ke4 Bg6+ 40. Kf3 h4 41. Rg7+ Kh8 42. Nxg6+ 1-0

[Event "Lipperland Seniors op 4th"]
[Site "Doerentrup"]
[Date "2005.05.27"]
[Round "2.6"]
[White "Bucher, Rolf"]
[Black "Glende, Siegfried"]
[Result "1-0"]
[WhiteElo "2089"]
[BlackElo "1864"]
[PlyCount "81"]
[EventDate "2005.05.26"]
[EventType "swiss"]
[EventRounds "9"]
[EventCountry "GER"]
[SourceTitle "EXT 2006"]
[Source "ChessBase"]
[SourceDate "2005.11.24"]
[SourceVersion "1"]
[SourceVersionDate "2005.11.24"]
[SourceQuality "1"]

1. c4 c5 2. Nc3 Nc6 3. e3 e5 4. Nf3 d6 5. d3 g6 6. Be2 Bg7 7. 0-0 Nge7 8. a3 a6 9. Rb1 0-0 10. Ne1 f5 11. Nc2 a5 12. Bf3 Kh8 13. Bd2 h6 14. b4 axb4 15. axb4 cxb4 16. Nxb4 Kh7 17. Nb5 Rf6 18. Bc3 Nxb4 19. Bxb4 Nc6 20. Bc3 Qe7 21. Bd5 Rf8 22. Qf3 Ra6 23. Ra1 Rxa1 24. Rxa1 e4 25. dxe4 Ne5 26. Qe2 fxe4 27. Bxe4 Bd7 28. Rc1 Be6 29. Bd5 Bf5 30. Rd1 Rd8 31. Nd4 Bc8 32. Ba5 Rf8 33. Bb4 Ng4 34. Bf3 Ne5 35. Bd5 Ng4 36. Nf3 Ne5 37. Bxd6 Nxf3+ 38. Bxf3 Qf6 39. Bxf8 Qxf8 40. Be4 Qf7 41. Qd3 1-0

[Event "Lipperland Seniors op 4th"]
[Site "Doerentrup"]
[Date "2005.05.26"]
[Round "1.10"]
[White "Glende, Siegfried"]
[Black "Poell, Guenter"]
[Result "1-0"]
[WhiteElo "1864"]
[BlackElo "2078"]
[PlyCount "121"]
[EventDate "2005.05.26"]
[EventType "swiss"]
[EventRounds "9"]
[EventCountry "GER"]
[SourceTitle "EXT 2006"]
[Source "ChessBase"]
[SourceDate "2005.11.24"]
[SourceVersion "1"]
[SourceVersionDate "2005.11.24"]
[SourceQuality "1"]

1. c4 f5 2. Nc3 Nf6 3. g3 e6 4. Bg2 c6 5. d3 Be7 6. e3 0-0 7. Nf3 d6 8. 0-0 e5 9. b3 h6 10. h3 Nh7 11. Bb2 Bf6 12. Qc2 Na6 13. a3 Ng5 14. Nh2 f4 15. g4 Be7 16. exf4 Rxf4 17. Bc1 Rf7 18. f4 exf4 19. Bxf4 Ne6 20. Be3 Bf6 21. Rae1 Nd4 22. Bxd4 Bxd4+ 23. Kh1 Rxf1+ 24. Rxf1 Be6 25. Nf3 Bb6 26. d4 Qd7 27. d5 cxd5 28. cxd5 Bf7 29. b4 Rc8 30. Qd3 Nc7 31. Nh4 Ne8 32. Be4 Qe7 33. Bh7+ Kh8 34. Ng6+ Bxg6 35. Bxg6 Nf6 36. Bf5 Rc7 37. Nb5 Nxd5 38. Qxd5 Qe3 39. Qf3 Rc1 40. Qxe3 Rxf1+ 41. Kg2 Bxe3 42. Kxf1 d5 43. Ke2 Bb6 44. Nd6 Kg8 45. Be6+ Kf8 46. Bxd5 a5 47. Bxb7 axb4 48. axb4 Kg8 49. Bd5+ Kh7 50. Kf3 Kg6 51. h4 Kf6 52. Ne8+ Kg6 53. h5+ Kh7 54. Bf7 Bd8 55. b5 Bb6 56. Ke4 Kh8 57. Kd5 Be3 58. Kc6 Bd4 59. Nd6 g6 60. hxg6 Kg7 61. Nf5+ 1-0

[Event "Rheinhausen op"]
[Site "Duisburg"]
[Date "2005.02.11"]
[Round "4"]
[White "Just, Markus"]
[Black "Glende, Siegfried"]
[Result "0-1"]
[WhiteElo "1620"]
[BlackElo "1761"]
[PlyCount "124"]
[EventDate "2005.01.07"]
[EventType "swiss"]
[EventRounds "7"]
[EventCountry "GER"]
[SourceTitle "EXT 2006"]
[Source "ChessBase"]
[SourceDate "2005.11.24"]
[SourceVersion "1"]
[SourceVersionDate "2005.11.24"]
[SourceQuality "1"]

1. e4 e6 2. d4 d5 3. exd5 Qxd5 4. Nc3 Qd8 5. Nf3 Nf6 6. Bc4 c6 7. Bg5 Be7 8. Qd2 Nbd7 9. 0-0-0 b5 10. Bd3 Qb6 11. Ne5 a5 12. Ne4 a4 13. Qf4 a3 14. b3 h6 15. Nxd7 Bxd7 16. Nxf6+ gxf6 17. Bxf6 Bxf6 18. Qxf6 Rf8 19. Rhe1 Qa5 20. d5 cxd5 21. Bf5 Ra6 22. Re5 Rd6 23. Rde1 Qb6 24. Bd3 b4 25. f4 Qd8 26. Qxh6 Qc7 27. f5 Qc3 28. fxe6 Qa1+ 29. Kd2 Qc3+ 30. Kd1 Qa1+ 31. Qc1 Qxc1+ 32. Kxc1 Bxe6 33. g4 Ke7 34. Bf5 Rh8 35. g5 Kd7 36. Bxe6+ fxe6 37. R1e2 Ke7 38. Rf2 Rh5 39. Kd2 Rd8 40. Ke2 Kd6 41. Re3 Rxg5 42. Kd3 Rc8 43. Re1 Rc3+ 44. Kd2 Rg8 45. h4 Rh3 46. Rf4 Rh2+ 47. Re2 Rxe2+ 48. Kxe2 Rg2+ 49. Kd3 Kc5 50. c4 Rxa2 51. cxd5 exd5 52. Rf8 Rh2 53. Rc8+ Kd6 54. Rd8+ Ke6 55. Re8+ Kf7 56. Rh8 Rh3+ 57. Kc2 Rc3+ 58. Kd1 Rxb3 59. Ra8 Rh3 60. Ra7+ Ke6 61. Ra6+ Ke5 62. Rh6 b3 0-1

[Event "Traum op 11th"]
[Site "Oberjoch/Allgaeu"]
[Date "2004.??.??"]
[Round "5"]
[White "Glende, Siegfried"]
[Black "Schuler, Georg"]
[Result "1-0"]
[WhiteElo "1728"]
[BlackElo "1789"]
[PlyCount "105"]
[EventDate "2004.07.16"]
[EventType "swiss"]
[EventRounds "9"]
[EventCountry "GER"]
[SourceTitle "EXT 2006"]
[Source "ChessBase"]
[SourceDate "2005.11.24"]
[SourceVersion "1"]
[SourceVersionDate "2005.11.24"]
[SourceQuality "1"]

1. c4 c5 2. Nc3 Nc6 3. g3 g6 4. Bg2 Bg7 5. d3 d6 6. e4 Nf6 7. Nge2 0-0 8. 0-0 Rb8 9. Rb1 Bd7 10. h3 a6 11. Bd2 b5 12. b3 b4 13. Nd5 e6 14. Nxf6+ Qxf6 15. f4 Qe7 16. Be3 Rfe8 17. d4 Rbd8 18. Qd3 e5 19. fxe5 dxe5 20. d5 Nd4 21. h4 Bg4 22. Nxd4 exd4 23. Bd2 h6 24. Rbe1 Kh7 25. Rf4 Bc8 26. Ref1 Rf8 27. R4f2 Rde8 28. Bf4 Bg4 29. Kh2 Kg8 30. Re1 Be5 31. Bxe5 Qxe5 32. Ref1 Kg7 33. Rf4 h5 34. Bh3 g5 35. hxg5 Bxh3 36. Kxh3 Qxg5 37. Qf3 Qg6 38. Kg2 Re5 39. Rf5 Rxf5 40. exf5 Qg5 41. f6+ Kh6 42. Qe4 Rg8 43. Qd3 Re8 44. Rf3 Rd8 45. Rf5 Qe3 46. Qxe3+ dxe3 47. Kf3 Kg6 48. Rf4 e2 49. Kxe2 Rd6 50. Ke3 Rxf6 51. Rxf6+ Kxf6 52. Kf4 Ke7 53. Kg5 1-0

[Event "Traum op 11th"]
[Site "Oberjoch/Allgaeu"]
[Date "2004.??.??"]
[Round "3"]
[White "Schenfeld, Waldemar"]
[Black "Glende, Siegfried"]
[Result "0-1"]
[WhiteElo "1481"]
[BlackElo "1728"]
[PlyCount "88"]
[EventDate "2004.07.16"]
[EventType "swiss"]
[EventRounds "9"]
[EventCountry "GER"]
[SourceTitle "EXT 2006"]
[Source "ChessBase"]
[SourceDate "2005.11.24"]
[SourceVersion "1"]
[SourceVersionDate "2005.11.24"]
[SourceQuality "1"]

1. e4 e6 2. d4 d5 3. exd5 Qxd5 4. Nf3 Nf6 5. Nc3 Qd8 6. Bg5 Be7 7. Bd3 Nbd7 8. 0-0 h6 9. Bf4 c6 10. Ne2 Nd5 11. Bg3 Qb6 12. Rb1 N7f6 13. a3 Nh5 14. c4 Nxg3 15. Nxg3 Nf6 16. b4 Qc7 17. c5 Nd5 18. Rc1 Bd7 19. Ne5 Bf6 20. Re1 Bg5 21. Rc2 Bf4 22. Ne4 Bxe5 23. dxe5 0-0 24. Nd6 f5 25. Rc4 Be8 26. Rh4 Kh7 27. f4 Qe7 28. g3 g6 29. Qf3 Kg7 30. Re2 g5 31. fxg5 hxg5 32. Rd4 Bg6 33. Bc2 Rh8 34. Rf2 Raf8 35. Qd3 Rh6 36. Qd2 f4 37. gxf4 Nxf4 38. Rfxf4 gxf4 39. Nf5+ Bxf5 40. Rd7 Qxd7 41. Qxd7+ Kg6 42. Qxe6+ Kg7 43. Qe7+ Rf7 44. Qg5+ Rg6 0-1

[Event "Lipperland Seniors op 2nd"]
[Site "Doerentrup"]
[Date "2003.06.04"]
[Round "7.8"]
[White "Glende, Siegfried"]
[Black "Kreie, Guenther"]
[Result "0-1"]
[WhiteElo "1720"]
[BlackElo "1749"]
[PlyCount "76"]
[EventDate "2003.05.30"]
[EventType "swiss"]
[EventRounds "9"]
[EventCountry "GER"]
[SourceTitle "EXT 2004"]
[Source "ChessBase"]
[SourceDate "2003.11.25"]
[SourceVersion "1"]
[SourceVersionDate "2003.11.25"]
[SourceQuality "1"]

1. Nf3 Nf6 2. d3 d5 3. g3 c5 4. Bg2 Nc6 5. 0-0 e5 6. Nbd2 Be7 7. Re1 0-0 8. e4 dxe4 9. dxe4 h6 10. c3 Be6 11. Qc2 Qc7 12. Nf1 Rad8 13. h3 c4 14. g4 Kh7 15. Ng3 Qc8 16. Kh2 Nd7 17. Nf5 Bxf5 18. exf5 Bf6 19. g5 hxg5 20. Bxg5 Rde8 21. Bxf6 Nxf6 22. Ng5+ Kg8 23. Be4 Qc7 24. f3 Rd8 25. Rad1 Ne7 26. Rxd8 Rxd8 27. Kh1 Qd6 28. Qg2 Qd2 29. Re2 Qf4 30. Bc2 Nxf5 31. Bxf5 Rd1+ 32. Qg1 Rxg1+ 33. Kxg1 Qxf5 34. Rg2 Nd5 35. Kf2 Nf4 36. Rg4 Qc2+ 37. Kg3 Qg2+ 38. Kh4 Qf2+ 0-1

[Event "Rheinhessen-ch 7th"]
[Site "Germany"]
[Date "2003.??.??"]
[Round "3"]
[White "Glende, Siegfried"]
[Black "Schwarz, Ingo"]
[Result "0-1"]
[WhiteElo "1740"]
[BlackElo "1770"]
[PlyCount "116"]
[EventDate "2003.??.??"]
[EventType "swiss"]
[EventRounds "7"]
[EventCountry "GER"]
[SourceTitle "EXT 2007"]
[Source "ChessBase"]
[SourceDate "2006.11.23"]
[SourceVersion "1"]
[SourceVersionDate "2006.11.23"]
[SourceQuality "1"]

1. e4 g6 2. Nf3 Bg7 3. Bc4 f6 4. d3 Nh6 5. Nc3 Nf7 6. a3 0-0 7. Be3 d6 8. h3 e6 9. Qd2 Nc6 10. Nh2 Ne7 11. Bb3 b6 12. f3 d5 13. d4 c6 14. g4 g5 15. 0-0-0 b5 16. f4 gxf4 17. Bxf4 Ng6 18. Be3 Bb7 19. exd5 exd5 20. Qf2 Nd6 21. h4 f5 22. g5 f4 23. Bd2 Nf5 24. Bxf4 Nfxh4 25. Ne2 Nxf4 26. Qxh4 Nxe2+ 27. Kb1 Bc8 28. Ng4 Bf5 29. Rdf1 Bg6 30. Nf6+ Bxf6 31. gxf6 Qc7 32. Rf2 Rae8 33. Rg2 Qf7 34. Rhh2 Nxd4 35. Qxd4 Re1+ 36. Ka2 Qxf6 37. Qxa7 Qe7 38. Qd4 Qg7 39. Qxg7+ Kxg7 40. c3 Rff1 41. Bc2 Rg1 42. Bf5 Ra1+ 43. Kb3 Rxg2 44. Rxg2 Rf1 45. Bd7 Rf6 46. Rg4 Kf8 47. Rg3 Ke7 48. Bh3 c5 49. Rg5 h6 50. Re5+ Kd6 51. Re1 Bf7 52. Bf1 d4+ 53. Kc2 Bg6+ 54. Kb3 d3 55. c4 Rf3 56. Rd1 d2+ 57. Ka2 Rf2 58. cxb5 Bc2 0-1

[Event "Wch Seniors 13th"]
[Site "Bad Zwischenahn"]
[Date "2003.??.??"]
[Round "?"]
[White "Haug, Sverre"]
[Black "Glende, Siegfried"]
[Result "1-0"]
[WhiteElo "1855"]
[BlackElo "1760"]
[PlyCount "141"]
[EventDate "2003.11.16"]
[EventType "swiss"]
[EventRounds "11"]
[EventCountry "GER"]
[SourceTitle "CBM 097 Extra"]
[Source "ChessBase"]
[SourceDate "2004.01.13"]
[SourceVersion "1"]
[SourceVersionDate "2004.01.13"]
[SourceQuality "1"]

1. Nf3 Nf6 2. d4 g6 3. c4 Bg7 4. Nc3 d6 5. e4 0-0 6. Be2 Nbd7 7. 0-0 e5 8. Bg5 h6 9. Bxf6 Bxf6 10. Qd2 Bg7 11. Rad1 b6 12. Nd5 Bb7 13. Rfe1 c6 14. Ne3 exd4 15. Nxd4 Nf6 16. Bf3 Qc7 17. Ng4 Nxg4 18. Bxg4 Rad8 19. Qf4 Kh7 20. b3 h5 21. Bh3 Qe7 22. Qg3 Be5 23. f4 Bf6 24. Nf3 Kh6 25. Qf2 Bc3 26. Re3 Bb4 27. Qb2 Bc5 28. Nd4 Bxd4 29. Qxd4 c5 30. Qd3 Qh4 31. Rf1 Rfe8 32. Qe2 Re7 33. g4 hxg4 34. Bg2 Rde8 35. Qb2 Kh7 36. Rfe1 Kg8 37. Qc3 Qh8 38. Qxh8+ Kxh8 39. Kf2 Kg7 40. e5 dxe5 41. Bxb7 Rxb7 42. fxe5 Rbe7 43. Kg3 Kg8 44. Kf4 Re6 45. Kxg4 f5+ 46. Kg5 Kg7 47. h3 a6 48. a4 Rf8 49. Kf4 Rh8 50. Rd3 Rhe8 51. Rd5 Kh6 52. Re3 Rf8 53. h4 Kh5 54. Rg3 Rfe8 55. Rg5+ Kh6 56. a5 Rc8 57. Rd6 Rc6 58. Rxe6 Rxe6 59. Rg1 bxa5 60. Rd1 Kg7 61. Rd7+ Kf8 62. Rc7 a4 63. bxa4 Rb6 64. a5 Rb1 65. Kg5 Ke8 66. Kf6 f4 67. e6 Kd8 68. e7+ Kxc7 69. e8Q f3 70. Qe5+ Kd8 71. Qxc5 1-0

[Event "Rheinhessen-ch 7th"]
[Site "Germany"]
[Date "2003.??.??"]
[Round "6"]
[White "Rivinius, Otto"]
[Black "Glende, Siegfried"]
[Result "1-0"]
[WhiteElo "1865"]
[BlackElo "1740"]
[PlyCount "45"]
[EventDate "2003.??.??"]
[EventType "swiss"]
[EventRounds "7"]
[EventCountry "GER"]
[SourceTitle "EXT 2007"]
[Source "ChessBase"]
[SourceDate "2006.11.23"]
[SourceVersion "1"]
[SourceVersionDate "2006.11.23"]
[SourceQuality "1"]

1. e4 c5 2. Nf3 e6 3. d4 cxd4 4. Nxd4 a6 5. c4 Nc6 6. Be3 Qc7 7. Be2 Nf6 8. Nc3 Bb4 9. f3 Bxc3+ 10. bxc3 0-0 11. 0-0 Ne7 12. Rb1 d6 13. Qb3 Nd7 14. Qa3 Kh8 15. Nb5 axb5 16. Qxa8 bxc4 17. Qa3 Nc5 18. e5 b6 19. exd6 Qxd6 20. Bxc4 Nd5 21. Bxd5 Qxd5 22. Rxb6 Nd7 23. Rd6 1-0